000 01711nam a2200229Ia 4500
008 260220t1973||||xx |||||||||||||| ||spa||
040 _aPY-SlUNAC
_bspa
_erda
041 _aspa
082 _a633.33
_bSem52p
245 0 _aEl potencial del frijol y de otras leguminosas de grano comestible en América Latina
264 _aCali :
_bCentro de Investigación Agrícola Tropical,
_c℗1973.
300 _a1 volumen
520 _aEl libro "El potencial del frijol y de otras leguminosas de grano comestible en América Latina", publicado por el Centro de Investigación Agrícola Tropical en 1973, explora la importancia agronómica y nutricional de las leguminosas en la región. Se destaca el frijol como un cultivo fundamental, no solo por su alto contenido proteico, sino también por su capacidad de fijar nitrógeno en el suelo, contribuyendo así a la sostenibilidad agrícola. El texto analiza las condiciones agroclimáticas que favorecen el crecimiento de estas leguminosas y su impacto en la seguridad alimentaria, enfatizando su rol en la dieta de las poblaciones locales. Además, se examina la diversidad genética de las leguminosas, así como las prácticas de cultivo y manejo que pueden maximizar su producción. Esta obra subraya la necesidad de promover la investigación y el desarrollo de tecnologías que optimicen el cultivo de leguminosas, resaltando su potencial para mejorar la economía rural y la nutrición en América Latina.
653 _aAgricultura
653 _aDesarrollo rural
653 _aLegumbres
942 _b2026/02/17
_cBK
999 _c8647
_d8647